000
00275nam a2200109Ia 4500
008
220204s9999 xx 000 0 und d
082
_a
930.85(26)
_b
KON
100
_a
Kondratov, Alexander
245
0
_a
Riddles of three oceans
260
_a
Moscow
_b
Progress
_c
1974
942
_c
BK
999
_c
26150
_d
26150